Candidatos del PP a la Presidencia del Gobierno de España - Estadísticas

Estadísticas generales
  • Esta prueba ha sido intentada 70 veces
  • La puntuación promedio es 15 de 16
Estadísticas de respuestas
Cita electoral Candidato % Correcto
2023 Alberto Núñez Feijóo
100%
2004 Mariano Rajoy
98%
2008 Mariano Rajoy
98%
2011 Mariano Rajoy
98%
2015 Mariano Rajoy
98%
2016 Mariano Rajoy
98%
2019 (I) Pablo Casado
95%
2019 (II) Pablo Casado
95%
1989 José María Aznar
92%
1993 José María Aznar
92%
1996 José María Aznar
92%
2000 José María Aznar
92%
1977 Manuel Fraga
77%
1979 Manuel Fraga
77%
1982 Manuel Fraga
77%
1986 Manuel Fraga
77%
No se encontraron pruebas coincidentes
Distribución de puntuación
Porcentaje de gente con cada puntuación
Porcentaje por número respondido
Historial de tus puntuaciones
No has intentado esta prueba.